Statistics for Members of Got7 (K-Pop)

Click here to take the quiz!

General Stats

  • This quiz has been taken 3,051 times
    (1,033 since last reset)
  • The average score is 6 of 7

Answer Stats

Answer% Correct
Jackson
99%
BamBam
98%
Mark
96%
JB
92%
Jinyoung
90%
Youngjae
86%
Yugyeom
86%

Score Distribution

Percentile by Number Answered

Percent of People with Each Score

Your Score History

You have not taken this quiz since the last reset